Quel Bergen ? - Statistiques

Statistiques générales
  • Ce quiz a été pris 5 fois
  • Le résultat moyen est 6 sur 15
Statistiques - réponses
Question Réponse % Correct
On y trouve un musée dédié à la Shoah situé dans l’ancien camp de concentration de Bergen-Belsen. Allemagne
100%
Cette ville possède un ancien quartier commerçant inscrit au patrimoine mondial de l’UNESCO, célèbre pour ses maisons en bois colorés. Norvège
80%
On peut y monter en funiculaire jusqu’au mont Fløyen pour admirer une vue panoramique exceptionnelle Norvège
80%
Cette ville est bordée par la mer du Nord et connue pour ses dunes et ses longues plages fréquentées par les peintres. Pays-Bas
80%
Cette ville possède un château appelé Kasteel van Bergen, témoin de son histoire médiévale Belgique
40%
Ce Bergen possède un petit musée local retraçant la vie agricole traditionnelle du Limbourg Belgique
40%
Dans ce Bergen, un marché aux poissons très populaire ouvre dès l’aube au bord d’un port Norvège
40%
Cette ville est réputée pour sa “colonie d’artistes” fondée au début du XXe siècle, devenue un centre culturel national Pays-Bas
40%
Dans cette ville, il y a une abbaye fondée au Xe siècle qui est l’un des plus anciens sites religieux du pays Pays-Bas
40%
Cette ville est connue pour ses forêts et ses paysages de landes dans un parc naturel Allemagne
20%
Cette ville abrite une grande caserne militaire fondée au XIXe siècle Allemagne
20%
Ce Bergen est traversé par la rivière Nete Belgique
0%
Cette ville fut le lieu de naissance du compositeur Edvard Grieg, célébré par un musée qui lui est dédié Norvège
0%
Ce Bergen est réputé pour accueillir régulièrement un festival international de musique et d’arts Norvège
0%
Dans cette ville, on peut visiter une église en pierre datant du Moyen Âge, qui fut plusieurs fois reconstruite après des incendies Pays-Bas
0%
Aucun quiz correspondant
Distribution des résultats
% des personnes avec chaque résultat
Percentile par nombre de réponses
Votre historique - résultats
Vous n’avez pas pris ce quiz